INDIAN JOURNAL OF CHEMISTRY (Record no. 1719)

MARC details
000 -LEADER
fixed length control field 00564nam a2200145Ia 4500
022 ## - INTERNATIONAL STANDARD SERIAL NUMBER
ISSN 0019-5103
245 #0 - TITLE STATEMENT
Title INDIAN JOURNAL OF CHEMISTRY
246 ## - VARYING FORM OF TITLE
Title proper/short title Indian Journal of Chemistry Section A : Inorganic, Physical, Theoretical and Analytical and Indian Journal of Chemistry Section B : Organic including medicinal
260 ## - PUBLICATION, DISTRIBUTION, ETC. (IMPRINT)
Name of publisher Council of Scientific and Industrial Research, New Delhi
Place of publication India
310 ## - CURRENT PUBLICATION FREQUENCY
Current publication frequency M
500 ## - GENERAL NOTE
General note Ending Volume & Year: 13, 1975
500 ## - GENERAL NOTE
General note Starting Volume & Year: 1, 1963
942 ## - ADDED ENTRY ELEMENTS (KOHA)
Koha item type Bound Journal
Holdings
Withdrawn status Lost status Damaged status Not for loan Home library Current library Date acquired Accession Number Koha item type
      Bound journals RRII Library RRII Library 31/12/2021 01701J Bound Journal